000 00564nam a2200217 a 4500
999 _c10507
_d10507
001 10507
003 BD-JhCC
005 20180430181732.0
008 180430s1964 nbu |||| |||| 000 0 eng d
035 _a(BD-JhCC)10507
040 _aBD-JhCC
_dBD-JhCC
041 _aeng
082 _a823
_bROB 1964
100 _aRoberts, James L.
245 _aJane Eyre notes /
_cJames L. Roberts,
260 _aUSA :
_bCliff's notes,
_c1964
300 _a97 p. :
_c21 cm.
504 _aIncludes bibliography
650 _aJane Eyre (Brontë, Charlotte)
942 _2ddc
_cBK